000 00712nam a2200229Ia 4500
003 OSt
005 20220923231008.0
006 a|||||r|||| 00| 0
007 ta
008 220922b |||||||| |||| 00| 0 pan d
024 _a351,493
037 _cTextual
040 _aARTS
_cARTS
_bpan
041 _2pan
_apan
082 _aO153,2NGIL3x, N9
100 _aਗਿੱਲ, ਤ੍ਰਿਲੋਚਨ ਸਿੰਘ, ਂਚ.
245 0 _aਲੋਕ ਸੇਵਾ ਤੇ ਹੋਰ ਨਾਟਕ
260 _c1999
650 _aਪੰਜਾਬੀ ਸਾਹਿਤ
942 _hO153,2NGIL3x, N9
_cTEXL
_2CC
999 _c388667
_d388667